[Event "Blitz 2018"]
[Site "Saint-Petersburg"]
[Date "2018.12.29"]
[Round "2"]
[Board "60"]
[White "Carlsson Pontus (SWE)"]
[Black "Sjugirov Sanan (RUS)"]
[Result "1/2-1/2"]
[LiveChessVersion "1.4.8"]
[BlackElo "2748"]
[WhiteElo "2511"]

1. e4 {[%clk 0:03:04]} c5 {[%clk 0:03:03]} 2. Nf3 {[%clk 0:03:05]} d6
{[%clk 0:03:04]} 3. Bb5+ {[%clk 0:03:05]} Nd7 {[%clk 0:03:05]} 4. d4
{[%clk 0:03:06]} cxd4 {[%clk 0:03:06]} 5. Qxd4 {[%clk 0:03:07]} a6
{[%clk 0:03:04]} 6. Bxd7+ {[%clk 0:03:06]} Bxd7 {[%clk 0:03:05]} 7. c4
{[%clk 0:03:02]} e5 {[%clk 0:03:05]} 8. Qd3 {[%clk 0:03:03]} b5 {[%clk 0:03:03]}
9. b3 {[%clk 0:02:52]} h6 {[%clk 0:02:54]} 10. O-O {[%clk 0:02:50]} Nf6
{[%clk 0:02:54]} 11. Nc3 {[%clk 0:02:41]} bxc4 {[%clk 0:02:51]} 12. bxc4
{[%clk 0:02:42]} Be7 {[%clk 0:02:47]} 13. Be3 {[%clk 0:02:31]} O-O
{[%clk 0:02:46]} 14. Rfc1 {[%clk 0:02:29]} Qa5 {[%clk 0:02:34]} 15. Nd2
{[%clk 0:02:27]} Rfc8 {[%clk 0:02:30]} 16. Nb3 {[%clk 0:02:26]} Qc7
{[%clk 0:02:14]} 17. Nd5 {[%clk 0:02:07]} Nxd5 {[%clk 0:02:14]} 18. cxd5
{[%clk 0:02:08]} Qd8 {[%clk 0:01:57]} 19. h3 {[%clk 0:01:58]} a5 {[%clk 0:01:40]}
20. Rxc8 {[%clk 0:01:49]} Qxc8 {[%clk 0:01:41]} 21. Rc1 {[%clk 0:01:44]} Qb7
{[%clk 0:01:41]} 22. Qd2 {[%clk 0:01:43]} Bd8 {[%clk 0:01:27]} 23. Rc2
{[%clk 0:01:14]} a4 {[%clk 0:01:26]} 24. Nc1 {[%clk 0:01:15]} Ba5
{[%clk 0:01:21]} 25. Qd1 {[%clk 0:01:03]} Qb4 {[%clk 0:01:10]} 26. f3
{[%clk 0:00:46]} Bb6 {[%clk 0:00:58]} 27. Bxb6 Qxb6+ {[%clk 0:00:59]} 28. Kh2
{[%clk 0:00:44]} Rb8 {[%clk 0:00:56]} 29. Qd2 {[%clk 0:00:37]} f5
{[%clk 0:00:46]} 30. exf5 {[%clk 0:00:25]} Bxf5 {[%clk 0:00:47]} 31. Rc6
{[%clk 0:00:27]} Qd8 {[%clk 0:00:48]} 32. Ne2 {[%clk 0:00:23]} a3
{[%clk 0:00:36]} 33. Ng3 {[%clk 0:00:19]} Rb2 {[%clk 0:00:34]} 34. Qe3
{[%clk 0:00:14]} Bd7 {[%clk 0:00:11]} 35. Qxa3 {[%clk 0:00:09]} Bxc6
{[%clk 0:00:10]} 36. Qxb2 {[%clk 0:00:10]} Bxd5 {[%clk 0:00:12]} 37. Qd2
{[%clk 0:00:09]} Be6 {[%clk 0:00:11]} 38. Ne4 {[%clk 0:00:05]} d5
{[%clk 0:00:12]} 39. Nc5 {[%clk 0:00:05]} Bf7 {[%clk 0:00:12]} 40. Qb4
{[%clk 0:00:04]} Qc7 {[%clk 0:00:10]} 41. a4 {[%clk 0:00:03]} e4+
{[%clk 0:00:11]} 42. Kg1 {[%clk 0:00:03]} exf3 {[%clk 0:00:09]} 43. a5
{[%clk 0:00:03]} Qg3 {[%clk 0:00:09]} 44. Qd2 {[%clk 0:00:03]} fxg2
{[%clk 0:00:06]} 45. Qf2 {[%clk 0:00:03]} Qxh3 {[%clk 0:00:06]} 46. Qxg2
{[%clk 0:00:03]} Qe3+ {[%clk 0:00:06]} 47. Qf2 {[%clk 0:00:04]} Qc1+
{[%clk 0:00:06]} 48. Kh2 {[%clk 0:00:04]} Qa3 {[%clk 0:00:05]} 49. a6
{[%clk 0:00:05]} Qa5 {[%clk 0:00:04]} 50. Qd4 {[%clk 0:00:06]} Qc7+
{[%clk 0:00:06]} 51. Kg2 {[%clk 0:00:07]} Qb6 {[%clk 0:00:07]} 52. Qe3
{[%clk 0:00:08]} d4 {[%clk 0:00:07]} 53. Qxd4 {[%clk 0:00:08]} Qc6+
{[%clk 0:00:09]} 54. Kf2 {[%clk 0:00:10]} Qc7 {[%clk 0:00:09]} 55. Qe3
{[%clk 0:00:09]} Qh2+ {[%clk 0:00:08]} 56. Ke1 {[%clk 0:00:10]} Qa2
{[%clk 0:00:08]} 57. Qd2 {[%clk 0:00:09]} Qb1+ {[%clk 0:00:09]} 58. Ke2
{[%clk 0:00:09]} Qb5+ {[%clk 0:00:09]} 59. Nd3 {[%clk 0:00:07]} Qxa6
{[%clk 0:00:10]} 60. Kf2 {[%clk 0:00:07]} Qd6 {[%clk 0:00:10]} 61. Qe3
{[%clk 0:00:08]} Qh2+ {[%clk 0:00:11]} 62. Ke1 {[%clk 0:00:09]} Qh1+
{[%clk 0:00:11]} 63. Kd2 {[%clk 0:00:11]} Qd5 {[%clk 0:00:11]} 64. Ke1
{[%clk 0:00:11]} Qh1+ {[%clk 0:00:10]} 65. Kd2 {[%clk 0:00:12]} Qg2+
{[%clk 0:00:11]} 66. Kc3 {[%clk 0:00:13]} Qa2 {[%clk 0:00:10]} 67. Qe5
{[%clk 0:00:10]} Qa1+ {[%clk 0:00:08]} 68. Nb2 {[%clk 0:00:10]} Qc1+
{[%clk 0:00:08]} 69. Kb4 {[%clk 0:00:11]} Qd2+ {[%clk 0:00:09]} 70. Ka3
{[%clk 0:00:11]} Qd7 {[%clk 0:00:08]} 71. Qb8+ {[%clk 0:00:10]} Kh7
{[%clk 0:00:09]} 72. Qe5 {[%clk 0:00:09]} Bg6 {[%clk 0:00:08]} 73. Na4
{[%clk 0:00:09]} Qd3+ {[%clk 0:00:07]} 74. Kb4 {[%clk 0:00:10]} Bf7
{[%clk 0:00:06]} 75. Qc5 {[%clk 0:00:08]} h5 {[%clk 0:00:05]} 76. Nc3
{[%clk 0:00:08]} Qf3 {[%clk 0:00:05]} 77. Qe5 {[%clk 0:00:07]} Bg6
{[%clk 0:00:05]} 78. Kc5 {[%clk 0:00:06]} Qf2+ {[%clk 0:00:05]} 79. Kd6
{[%clk 0:00:07]} Qb6+ {[%clk 0:00:05]} 80. Ke7 {[%clk 0:00:08]} Qb7+
{[%clk 0:00:07]} 81. Kd8 {[%clk 0:00:06]} Qa8+ {[%clk 0:00:07]} 82. Kc7
{[%clk 0:00:06]} Qa7+ {[%clk 0:00:08]} 83. Kd8 {[%clk 0:00:07]} Qb6+
{[%clk 0:00:09]} 84. Kc8 {[%clk 0:00:05]} Qc6+ {[%clk 0:00:10]} 85. Kd8
{[%clk 0:00:06]} h4 {[%clk 0:00:09]} 86. Nd5 {[%clk 0:00:06]} h3 {[%clk 0:00:09]}
87. Ne7 {[%clk 0:00:03]} Qb6+ {[%clk 0:00:09]} 88. Kc8 {[%clk 0:00:04]} Qa6+
{[%clk 0:00:11]} 89. Kd8 {[%clk 0:00:05]} Qa8+ {[%clk 0:00:12]} 90. Kc7
{[%clk 0:00:06]} Qa7+ {[%clk 0:00:13]} 91. Kd8 {[%clk 0:00:07]} Qb6+
{[%clk 0:00:11]} 92. Kd7 {[%clk 0:00:06]} Qg1 {[%clk 0:00:09]} 93. Qf4
{[%clk 0:00:04]} Qa7+ {[%clk 0:00:08]} 94. Kd8 {[%clk 0:00:04]} Qb6+
{[%clk 0:00:09]} 95. Kd7 {[%clk 0:00:05]} Qf6 {[%clk 0:00:08]} 96. Qg3
{[%clk 0:00:05]} Bf5+ {[%clk 0:00:09]} 97. Ke8 {[%clk 0:00:04]} Bg6+
{[%clk 0:00:09]} 98. Kd7 {[%clk 0:00:05]} Qd4+ {[%clk 0:00:09]} 99. Ke6
{[%clk 0:00:04]} Qe4+ {[%clk 0:00:10]} 100. Kd7 {[%clk 0:00:05]} Qd3+
{[%clk 0:00:11]} 101. Qxd3 {[%clk 0:00:05]} Bxd3 {[%clk 0:00:13]} 1/2-1/2

[Event "Blitz 2018"]
[Site "Saint-Petersburg"]
[Date "2018.12.29"]
[Round "2"]
[Board "61"]
[White "Drygalov Andrey (RUS)"]
[Black "Jones Gawain C B (ENG)"]
[Result "1-0"]
[LiveChessVersion "1.4.8"]
[BlackElo "2722"]
[WhiteElo "2509"]

1. e4 {[%clk 0:03:03]} c5 {[%clk 0:03:03]} 2. Nf3 {[%clk 0:03:03]} d6
{[%clk 0:03:04]} 3. Bb5+ {[%clk 0:03:04]} Bd7 {[%clk 0:03:05]} 4. Bxd7+
{[%clk 0:03:03]} Qxd7 {[%clk 0:03:06]} 5. c4 {[%clk 0:03:03]} Nf6
{[%clk 0:03:06]} 6. Nc3 {[%clk 0:03:04]} g6 {[%clk 0:03:07]} 7. d4
{[%clk 0:02:56]} cxd4 {[%clk 0:03:08]} 8. Nxd4 {[%clk 0:02:57]} Bg7
{[%clk 0:03:09]} 9. f3 {[%clk 0:02:55]} O-O {[%clk 0:03:09]} 10. Be3
{[%clk 0:02:55]} Nc6 {[%clk 0:03:09]} 11. O-O {[%clk 0:02:53]} Rac8
{[%clk 0:03:10]} 12. b3 {[%clk 0:02:54]} Rfd8 {[%clk 0:03:08]} 13. Qd2
{[%clk 0:02:53]} e6 {[%clk 0:03:06]} 14. Rac1 {[%clk 0:02:32]} d5
{[%clk 0:03:02]} 15. cxd5 {[%clk 0:01:58]} exd5 {[%clk 0:03:02]} 16. Nxc6
{[%clk 0:01:57]} Rxc6 {[%clk 0:02:51]} 17. Nxd5 {[%clk 0:01:54]} Nxd5
{[%clk 0:02:46]} 18. exd5 {[%clk 0:01:50]} Rd6 {[%clk 0:02:42]} 19. Rfd1
{[%clk 0:01:34]} b6 {[%clk 0:02:36]} 20. Bf4 {[%clk 0:01:32]} Rf6
{[%clk 0:02:27]} 21. Bg5 {[%clk 0:01:28]} h5 {[%clk 0:02:02]} 22. Bxf6
{[%clk 0:01:26]} Bxf6 {[%clk 0:02:02]} 23. Qf4 {[%clk 0:01:18]} Bg7
{[%clk 0:01:46]} 24. Rc7 {[%clk 0:00:53]} Qe8 {[%clk 0:01:46]} 25. d6
{[%clk 0:00:38]} a5 {[%clk 0:01:17]} 26. Qe4 {[%clk 0:00:30]} Qf8
{[%clk 0:01:09]} 27. Qe7 {[%clk 0:00:28]} Qxe7 {[%clk 0:01:06]} 28. dxe7
{[%clk 0:00:12]} Rxd1+ {[%clk 0:01:04]} 29. Kf2 {[%clk 0:00:14]} Rd2+
{[%clk 0:00:35]} 30. Ke1 {[%clk 0:00:14]} 1-0

[Event "Blitz 2018"]
[Site "Saint-Petersburg"]
[Date "2018.12.29"]
[Round "2"]
[Board "62"]
[White "Bocharov Ivan (RUS)"]
[Black "Makarov Marat (RUS)"]
[Result "0-1"]
[LiveChessVersion "1.4.8"]
[BlackElo "2505"]
[WhiteElo "2715"]

1. e4 {[%clk 0:03:04]} c5 {[%clk 0:03:01]} 2. Nf3 {[%clk 0:03:05]} d6
{[%clk 0:03:01]} 3. d4 {[%clk 0:03:06]} cxd4 {[%clk 0:03:02]} 4. Nxd4
{[%clk 0:03:07]} Nf6 {[%clk 0:03:02]} 5. Nc3 a6 6. f3 {[%clk 0:03:06]} e5
{[%clk 0:03:05]} 7. Nb3 {[%clk 0:03:06]} Be6 {[%clk 0:03:05]} 8. Be3
{[%clk 0:03:05]} Be7 {[%clk 0:03:06]} 9. Qd2 {[%clk 0:03:05]} O-O
{[%clk 0:03:05]} 10. O-O-O {[%clk 0:03:04]} Qc7 {[%clk 0:03:06]} 11. g4
{[%clk 0:03:03]} Rc8 {[%clk 0:03:07]} 12. g5 {[%clk 0:02:34]} Nh5
{[%clk 0:03:05]} 13. Kb1 {[%clk 0:02:24]} Nd7 {[%clk 0:03:04]} 14. Nd5
{[%clk 0:02:22]} Bxd5 {[%clk 0:03:03]} 15. exd5 {[%clk 0:02:23]} a5
{[%clk 0:03:04]} 16. a4 {[%clk 0:02:19]} Nb6 {[%clk 0:03:02]} 17. Bxb6
{[%clk 0:02:03]} Qxb6 {[%clk 0:03:03]} 18. Bb5 {[%clk 0:01:59]} Nf4
{[%clk 0:03:02]} 19. h4 {[%clk 0:01:59]} Qd8 {[%clk 0:02:34]} 20. Nd4
{[%clk 0:01:53]} Nxd5 {[%clk 0:02:10]} 21. Nf5 {[%clk 0:01:54]} Nc7
{[%clk 0:01:25]} 22. Bc4 {[%clk 0:01:53]} Bf8 {[%clk 0:01:10]} 23. Nxd6
{[%clk 0:01:45]} Bxd6 {[%clk 0:01:10]} 24. Qxd6 {[%clk 0:01:46]} Qxd6
{[%clk 0:01:11]} 25. Rxd6 {[%clk 0:01:47]} Ne8 {[%clk 0:01:12]} 26. Bxf7+
{[%clk 0:01:34]} Kxf7 {[%clk 0:01:13]} 27. Rd7+ {[%clk 0:01:35]} Ke6
{[%clk 0:01:14]} 28. Rd3 {[%clk 0:01:13]} Ra6 {[%clk 0:01:11]} 29. Re1
{[%clk 0:01:12]} Rac6 {[%clk 0:00:57]} 30. f4 {[%clk 0:01:11]} Rc5
{[%clk 0:00:53]} 31. Rde3 {[%clk 0:01:10]} Kf5 {[%clk 0:00:54]} 32. Rxe5+
{[%clk 0:01:09]} Rxe5 {[%clk 0:00:55]} 33. Rxe5+ {[%clk 0:01:10]} Kxf4
{[%clk 0:00:56]} 34. Rxa5 {[%clk 0:01:11]} Rc7 {[%clk 0:00:50]} 35. Rd5
{[%clk 0:01:08]} g6 {[%clk 0:00:47]} 36. a5 {[%clk 0:01:08]} Ng7 {[%clk 0:00:47]}
37. b4 {[%clk 0:01:03]} Nf5 {[%clk 0:00:48]} 38. Kb2 {[%clk 0:00:49]} Ke4
{[%clk 0:00:50]} 39. Rd8 {[%clk 0:00:47]} Nxh4 {[%clk 0:00:50]} 40. Kb3
{[%clk 0:00:46]} Nf3 {[%clk 0:00:51]} 41. c4 {[%clk 0:00:47]} Nxg5
{[%clk 0:00:43]} 42. b5 {[%clk 0:00:48]} h5 {[%clk 0:00:42]} 43. Rd6
{[%clk 0:00:46]} Nf3 {[%clk 0:00:35]} 44. Kb4 {[%clk 0:00:40]} h4
{[%clk 0:00:36]} 45. Rxg6 {[%clk 0:00:40]} Rh7 {[%clk 0:00:38]} 46. Re6+
{[%clk 0:00:34]} Kf5 {[%clk 0:00:37]} 47. Rd6 {[%clk 0:00:30]} h3
{[%clk 0:00:38]} 48. Rd1 {[%clk 0:00:32]} h2 {[%clk 0:00:40]} 49. Rh1
{[%clk 0:00:33]} Kg4 {[%clk 0:00:41]} 50. a6 {[%clk 0:00:28]} bxa6
{[%clk 0:00:42]} 51. bxa6 {[%clk 0:00:29]} Ne5 {[%clk 0:00:38]} 52. Kb5
{[%clk 0:00:28]} Kg3 {[%clk 0:00:38]} 53. c5 {[%clk 0:00:25]} Kg2
{[%clk 0:00:38]} 54. Re1 {[%clk 0:00:26]} h1=Q {[%clk 0:00:37]} 55. Rxh1
{[%clk 0:00:27]} Rxh1 {[%clk 0:00:28]} 56. a7 {[%clk 0:00:28]} Ra1
{[%clk 0:00:28]} 57. Kb6 {[%clk 0:00:29]} Nd7+ {[%clk 0:00:27]} 58. Kb7
{[%clk 0:00:30]} Nxc5+ 59. Kb8 Na6+ {[%clk 0:00:28]} 60. Kb7 {[%clk 0:00:33]} Nc7
{[%clk 0:00:29]} 0-1

[Event "Blitz 2018"]
[Site "Saint-Petersburg"]
[Date "2018.12.29"]
[Round "2"]
[Board "64"]
[White "Zhigalko Andrey (BLR)"]
[Black "Melkumyan Hrant (ARM)"]
[Result "0-1"]
[LiveChessVersion "1.4.8"]
[BlackElo "2699"]
[WhiteElo "2493"]

1. e4 {[%clk 0:03:03]} c5 {[%clk 0:03:02]} 2. Nf3 {[%clk 0:03:04]} Nc6
{[%clk 0:03:03]} 3. d4 {[%clk 0:03:04]} cxd4 {[%clk 0:03:04]} 4. Nxd4
{[%clk 0:03:06]} g6 {[%clk 0:03:04]} 5. c4 {[%clk 0:03:07]} Nf6 {[%clk 0:03:05]}
6. Nc3 {[%clk 0:03:07]} d6 {[%clk 0:03:06]} 7. Be2 {[%clk 0:03:06]} Nxd4
{[%clk 0:03:06]} 8. Qxd4 {[%clk 0:03:07]} Bg7 {[%clk 0:03:07]} 9. O-O
{[%clk 0:03:07]} O-O {[%clk 0:03:07]} 10. Qe3 {[%clk 0:03:07]} Bd7
{[%clk 0:02:52]} 11. Rd1 {[%clk 0:02:53]} Qa5 {[%clk 0:02:36]} 12. Bd2
{[%clk 0:02:53]} Bc6 {[%clk 0:02:30]} 13. Nd5 {[%clk 0:02:44]} Qd8
{[%clk 0:02:31]} 14. Rab1 {[%clk 0:02:23]} Nd7 {[%clk 0:02:24]} 15. b4
{[%clk 0:01:52]} e6 {[%clk 0:02:24]} 16. Nc3 {[%clk 0:01:42]} b6 {[%clk 0:02:25]}
17. Qg3 {[%clk 0:01:14]} Qe7 {[%clk 0:02:25]} 18. Bg5 {[%clk 0:01:12]} f6
{[%clk 0:02:13]} 19. Bc1 {[%clk 0:00:35]} Ne5 {[%clk 0:02:14]} 20. Rb2
{[%clk 0:00:33]} Rad8 {[%clk 0:02:10]} 21. Rbd2 {[%clk 0:00:32]} f5
{[%clk 0:02:10]} 22. b5 {[%clk 0:00:16]} Bb7 {[%clk 0:02:08]} 23. Ba3
{[%clk 0:00:16]} f4 {[%clk 0:02:02]} 24. Qh3 {[%clk 0:00:16]} Nf7
{[%clk 0:02:03]} 25. Bg4 {[%clk 0:00:15]} Ng5 {[%clk 0:02:00]} 26. Qd3
{[%clk 0:00:13]} Bxc3 {[%clk 0:01:38]} 27. Bxd6 {[%clk 0:00:09]} Bxd2
{[%clk 0:01:25]} 28. Bxe7 {[%clk 0:00:10]} Rxd3 {[%clk 0:01:26]} 29. Bxg5
{[%clk 0:00:08]} Bxe4 {[%clk 0:01:20]} 0-1

[Event "Blitz 2018"]
[Site "Saint-Petersburg"]
[Date "2018.12.29"]
[Round "2"]
[Board "65"]
[White "Korobov Anton (UKR)"]
[Black "Dzhumagaliev Yan (RUS)"]
[Result "1-0"]
[LiveChessVersion "1.4.8"]
[BlackElo "2489"]
[WhiteElo "2677"]

1. d4 {[%clk 0:03:03]} Nf6 {[%clk 0:03:03]} 2. c4 {[%clk 0:03:04]} e6
{[%clk 0:03:04]} 3. Nc3 {[%clk 0:03:05]} Bb4 {[%clk 0:02:58]} 4. Qc2
{[%clk 0:03:06]} d6 {[%clk 0:02:58]} 5. Nf3 {[%clk 0:02:59]} O-O {[%clk 0:02:56]}
6. Bg5 {[%clk 0:02:53]} h6 {[%clk 0:02:54]} 7. Bh4 {[%clk 0:02:53]} Nbd7
{[%clk 0:02:46]} 8. e3 {[%clk 0:02:51]} c5 {[%clk 0:02:38]} 9. a3
{[%clk 0:02:36]} Ba5 {[%clk 0:02:37]} 10. Be2 {[%clk 0:02:34]} cxd4
{[%clk 0:02:28]} 11. exd4 {[%clk 0:02:34]} d5 {[%clk 0:02:29]} 12. b4
{[%clk 0:02:26]} Bb6 {[%clk 0:02:05]} 13. c5 {[%clk 0:02:24]} Bc7
{[%clk 0:02:05]} 14. O-O {[%clk 0:02:24]} a6 {[%clk 0:01:49]} 15. a4
{[%clk 0:02:23]} Re8 {[%clk 0:01:24]} 16. Rfd1 {[%clk 0:02:16]} Nf8
{[%clk 0:01:23]} 17. Ne5 {[%clk 0:02:12]} N8h7 {[%clk 0:01:12]} 18. Bd3
{[%clk 0:02:02]} Nf8 {[%clk 0:01:05]} 19. Re1 {[%clk 0:02:00]} g5
{[%clk 0:00:59]} 20. Bg3 {[%clk 0:02:00]} Nh5 {[%clk 0:01:00]} 21. a5
{[%clk 0:01:35]} Nxg3 {[%clk 0:00:57]} 22. hxg3 {[%clk 0:01:36]} Qf6
{[%clk 0:00:49]} 23. Rad1 {[%clk 0:01:29]} Bd7 {[%clk 0:00:42]} 24. Nxd7
{[%clk 0:01:22]} Nxd7 {[%clk 0:00:42]} 25. Qa4 {[%clk 0:01:22]} Red8
{[%clk 0:00:36]} 26. Bb1 {[%clk 0:01:23]} Nf8 {[%clk 0:00:33]} 27. Rd3
{[%clk 0:01:22]} Qg7 {[%clk 0:00:34]} 28. Qd1 {[%clk 0:01:18]} Rdc8
{[%clk 0:00:35]} 29. Qh5 Bd8 30. g4 {[%clk 0:01:01]} Bf6 {[%clk 0:00:37]} 31.
Red1 {[%clk 0:01:02]} Ng6 {[%clk 0:00:33]} 32. g3 {[%clk 0:01:03]} Ne7
{[%clk 0:00:33]} 33. Na4 Re8 {[%clk 0:00:28]} 34. Nb6 {[%clk 0:01:01]} Rad8
{[%clk 0:00:29]} 35. Bc2 {[%clk 0:01:02]} Nc6 {[%clk 0:00:27]} 36. Ba4
{[%clk 0:01:03]} Re7 {[%clk 0:00:19]} 37. Bxc6 {[%clk 0:01:01]} bxc6
{[%clk 0:00:20]} 38. Kg2 {[%clk 0:00:56]} e5 {[%clk 0:00:21]} 39. dxe5
{[%clk 0:00:56]} Rxe5 {[%clk 0:00:21]} 40. Nc4 {[%clk 0:00:55]} Re4
{[%clk 0:00:19]} 41. Nd6 {[%clk 0:00:55]} Rxb4 {[%clk 0:00:16]} 42. Rf3
{[%clk 0:00:56]} Rxd6 {[%clk 0:00:10]} 43. cxd6 {[%clk 0:00:57]} Rb8
{[%clk 0:00:09]} 44. Rc1 {[%clk 0:00:51]} Rc8 {[%clk 0:00:10]} 45. d7
{[%clk 0:00:50]} Rc7 {[%clk 0:00:09]} 46. Rb3 {[%clk 0:00:44]} Rxd7
{[%clk 0:00:09]} 47. Rxc6 {[%clk 0:00:45]} d4 {[%clk 0:00:09]} 48. Rbb6
{[%clk 0:00:43]} Be5 {[%clk 0:00:03]} 49. Rxh6 {[%clk 0:00:41]} d3
{[%clk 0:00:04]} 50. Rxa6 {[%clk 0:00:36]} Rd8 {[%clk 0:00:05]} 51. Rh7
{[%clk 0:00:31]} Qxh7 {[%clk 0:00:05]} 52. Qxg5+ {[%clk 0:00:31]} Bg7
{[%clk 0:00:03]} 53. Qxd8+ {[%clk 0:00:32]} Bf8 {[%clk 0:00:04]} 54. Qg5+
{[%clk 0:00:30]} Kh8 {[%clk 0:00:05]} 55. Qf6+ {[%clk 0:00:30]} Kg8
{[%clk 0:00:06]} 56. Qg5+ {[%clk 0:00:29]} Kh8 {[%clk 0:00:08]} 57. Qe3
{[%clk 0:00:28]} f5 {[%clk 0:00:03]} 58. Qd4+ {[%clk 0:00:27]} Kg8
{[%clk 0:00:03]} 59. Qd5+ {[%clk 0:00:27]} Kh8 {[%clk 0:00:04]} 60. gxf5
{[%clk 0:00:28]} d2 {[%clk 0:00:05]} 61. Ra8 {[%clk 0:00:27]} Qh6
{[%clk 0:00:04]} 62. a6 {[%clk 0:00:24]} Kg7 {[%clk 0:00:03]} 63. Rxf8
{[%clk 0:00:24]} Kxf8 {[%clk 0:00:03]} 64. a7 {[%clk 0:00:25]} Qa6 65. Qd4 1-0

[Event "Blitz 2018"]
[Site "Saint-Petersburg"]
[Date "2018.12.29"]
[Round "2"]
[Board "66"]
[White "Adly Ahmed (EGY)"]
[Black "Sanikidze Tornike (GEO)"]
[Result "1-0"]
[LiveChessVersion "1.4.8"]
[BlackElo "2484"]
[WhiteElo "2675"]

1. Nf3 {[%clk 0:03:02]} Nf6 {[%clk 0:03:02]} 2. g3 {[%clk 0:03:03]} g6
{[%clk 0:02:56]} 3. Bg2 {[%clk 0:03:04]} Bg7 {[%clk 0:02:57]} 4. c4
{[%clk 0:03:04]} c6 {[%clk 0:02:58]} 5. O-O {[%clk 0:02:58]} O-O {[%clk 0:02:58]}
6. d4 {[%clk 0:02:57]} d5 {[%clk 0:02:59]} 7. cxd5 {[%clk 0:02:59]} cxd5
{[%clk 0:02:53]} 8. Nc3 {[%clk 0:03:00]} a6 {[%clk 0:02:23]} 9. Ne5
{[%clk 0:02:56]} Nbd7 {[%clk 0:02:21]} 10. Nxd5 {[%clk 0:02:42]} Nxd5
{[%clk 0:02:18]} 11. Bxd5 {[%clk 0:02:39]} Nxe5 {[%clk 0:02:16]} 12. dxe5
{[%clk 0:02:40]} Bxe5 {[%clk 0:02:02]} 13. Qb3 {[%clk 0:02:34]} e6
{[%clk 0:01:13]} 14. Bf3 {[%clk 0:02:27]} Rb8 {[%clk 0:01:10]} 15. Bh6 Re8 16. h4
{[%clk 0:01:46]} Bd7 {[%clk 0:00:58]} 17. Rfd1 Qe7 18. Rd2 {[%clk 0:00:53]} Bc6
{[%clk 0:00:41]} 19. Rad1 {[%clk 0:00:50]} Red8 {[%clk 0:00:30]} 20. Bxc6
{[%clk 0:00:26]} Rxd2 {[%clk 0:00:23]} 21. Rxd2 bxc6 22. Qc4 {[%clk 0:00:23]}
Rxb2 {[%clk 0:00:09]} 23. Rxb2 {[%clk 0:00:24]} Bxb2 {[%clk 0:00:10]} 24. Qxc6
{[%clk 0:00:25]} Qd8 {[%clk 0:00:04]} 25. Qxa6 {[%clk 0:00:25]} Be5
{[%clk 0:00:03]} 26. a4 {[%clk 0:00:22]} Bg7 {[%clk 0:00:04]} 27. Bxg7
{[%clk 0:00:22]} Kxg7 {[%clk 0:00:05]} 28. Qb5 {[%clk 0:00:21]} Qd4
{[%clk 0:00:04]} 29. a5 {[%clk 0:00:22]} h6 {[%clk 0:00:04]} 30. a6
{[%clk 0:00:22]} Qa1+ {[%clk 0:00:05]} 31. Kg2 {[%clk 0:00:23]} Qd4
{[%clk 0:00:06]} 32. Qb7 {[%clk 0:00:24]} 1-0

[Event "Blitz 2018"]
[Site "Saint-Petersburg"]
[Date "2018.12.29"]
[Round "2"]
[Board "67"]
[White "Inarkiev Ernesto (RUS)"]
[Black "Reshetnikov Alexey (RUS)"]
[Result "1/2-1/2"]
[LiveChessVersion "1.4.8"]
[BlackElo "2473"]
[WhiteElo "2674"]

1. c4 {[%clk 0:03:03]} c6 {[%clk 0:03:04]} 2. d4 {[%clk 0:02:59]} d5
{[%clk 0:03:05]} 3. Nf3 {[%clk 0:03:00]} Nf6 {[%clk 0:03:07]} 4. g3
{[%clk 0:03:01]} Bf5 {[%clk 0:03:03]} 5. Nc3 {[%clk 0:03:01]} e6 {[%clk 0:03:03]}
6. Nh4 {[%clk 0:03:02]} Be4 {[%clk 0:03:00]} 7. f3 {[%clk 0:03:03]} Bg6
{[%clk 0:03:01]} 8. Qb3 {[%clk 0:03:04]} Qb6 {[%clk 0:02:57]} 9. Nxg6
{[%clk 0:03:04]} hxg6 {[%clk 0:02:58]} 10. c5 {[%clk 0:03:05]} Qc7
{[%clk 0:02:52]} 11. Bf4 {[%clk 0:03:06]} Qc8 12. e4 Be7 {[%clk 0:02:43]} 13.
exd5 {[%clk 0:02:46]} exd5 {[%clk 0:02:39]} 14. O-O-O {[%clk 0:02:25]} Nh5
{[%clk 0:02:05]} 15. Be5 {[%clk 0:02:09]} Nd7 {[%clk 0:02:01]} 16. Bh3
{[%clk 0:01:34]} Nxc5 {[%clk 0:01:07]} 17. dxc5 {[%clk 0:01:17]} Qxh3
{[%clk 0:01:08]} 18. g4 {[%clk 0:01:18]} Qxf3 {[%clk 0:00:50]} 19. gxh5
{[%clk 0:01:07]} Qe3+ {[%clk 0:00:45]} 20. Kb1 {[%clk 0:01:05]} Qxe5
{[%clk 0:00:45]} 21. Qxb7 {[%clk 0:01:00]} O-O {[%clk 0:00:41]} 22. Rhe1
{[%clk 0:00:59]} Qf5+ {[%clk 0:00:42]} 23. Ka1 {[%clk 0:00:58]} Bf6
{[%clk 0:00:36]} 24. Qxc6 {[%clk 0:00:23]} Rab8 {[%clk 0:00:37]} 25. Rd2
{[%clk 0:00:19]} Qxh5 {[%clk 0:00:09]} 26. Nxd5 {[%clk 0:00:15]} Bh4
{[%clk 0:00:08]} 27. Red1 {[%clk 0:00:13]} Rfc8 {[%clk 0:00:09]} 28. Qd6
{[%clk 0:00:06]} Rd8 {[%clk 0:00:09]} 29. Qc6 Rdc8 30. Qd6 {[%clk 0:00:06]} Rd8
31. Qc6 Rdc8 {[%clk 0:00:11]} 32. Qd6 {[%clk 0:00:08]} 1/2-1/2

[Event "Blitz 2018"]
[Site "Saint-Petersburg"]
[Date "2018.12.29"]
[Round "2"]
[Board "68"]
[White "Amin Bassem (EGY)"]
[Black "Zablotsky Sergei (RUS)"]
[Result "1-0"]
[LiveChessVersion "1.4.8"]
[BlackElo "2459"]
[WhiteElo "2659"]

1. e4 {[%clk 0:03:02]} d6 {[%clk 0:03:03]} 2. g3 {[%clk 0:02:50]} c5
{[%clk 0:02:53]} 3. Bg2 {[%clk 0:02:50]} Nc6 {[%clk 0:02:54]} 4. c3
{[%clk 0:02:50]} g6 {[%clk 0:02:53]} 5. Nf3 {[%clk 0:02:36]} Nf6 {[%clk 0:02:50]}
6. d3 {[%clk 0:02:36]} Bg7 {[%clk 0:02:50]} 7. O-O {[%clk 0:02:37]} O-O
{[%clk 0:02:50]} 8. Re1 {[%clk 0:02:38]} Rb8 {[%clk 0:02:50]} 9. a4
{[%clk 0:02:37]} a6 {[%clk 0:02:51]} 10. h3 {[%clk 0:02:38]} b5 {[%clk 0:02:49]}
11. axb5 {[%clk 0:02:39]} axb5 {[%clk 0:02:49]} 12. d4 {[%clk 0:02:40]} cxd4
{[%clk 0:02:45]} 13. cxd4 {[%clk 0:02:40]} d5 {[%clk 0:02:46]} 14. e5
{[%clk 0:02:36]} Ne4 {[%clk 0:02:47]} 15. Be3 {[%clk 0:02:35]} b4
{[%clk 0:02:40]} 16. Nbd2 {[%clk 0:02:20]} Nxd2 {[%clk 0:02:36]} 17. Qxd2
{[%clk 0:02:20]} Na5 {[%clk 0:02:36]} 18. Qe2 {[%clk 0:02:01]} Nc4
{[%clk 0:02:27]} 19. Bc1 {[%clk 0:01:59]} b3 {[%clk 0:02:17]} 20. Nd2
{[%clk 0:01:59]} Be6 {[%clk 0:01:48]} 21. Nxc4 {[%clk 0:01:13]} dxc4
{[%clk 0:01:49]} 22. Qe4 {[%clk 0:01:03]} Rb5 {[%clk 0:01:49]} 23. Qc6
{[%clk 0:00:56]} Ra5 {[%clk 0:01:01]} 24. Be3 {[%clk 0:00:54]} Bd5
{[%clk 0:00:44]} 25. Bxd5 {[%clk 0:00:54]} Qxd5 {[%clk 0:00:45]} 26. Qxd5
{[%clk 0:00:55]} Rxd5 {[%clk 0:00:46]} 27. Rec1 {[%clk 0:00:56]} Rc8
{[%clk 0:00:40]} 28. Rxc4 {[%clk 0:00:54]} Rb8 {[%clk 0:00:27]} 29. Rb4
{[%clk 0:00:51]} Bxe5 {[%clk 0:00:27]} 30. Rxb8+ {[%clk 0:00:30]} Bxb8
{[%clk 0:00:28]} 31. Ra8 {[%clk 0:00:30]} Rd8 {[%clk 0:00:29]} 32. Ra3
{[%clk 0:00:29]} e5 {[%clk 0:00:22]} 33. dxe5 {[%clk 0:00:27]} Bxe5
{[%clk 0:00:23]} 34. Rxb3 {[%clk 0:00:28]} Rd1+ {[%clk 0:00:23]} 35. Kg2
{[%clk 0:00:29]} Rb1 {[%clk 0:00:24]} 36. Rb5 {[%clk 0:00:29]} f6
{[%clk 0:00:12]} 37. b3 {[%clk 0:00:25]} g5 {[%clk 0:00:12]} 38. Rb7
{[%clk 0:00:25]} Rb2 {[%clk 0:00:09]} 39. b4 {[%clk 0:00:25]} h6 {[%clk 0:00:07]}
40. g4 {[%clk 0:00:24]} Rb3 {[%clk 0:00:06]} 41. b5 {[%clk 0:00:22]} Bf4
{[%clk 0:00:06]} 42. Bd4 {[%clk 0:00:23]} Be5 {[%clk 0:00:04]} 43. Bxe5 fxe5
{[%clk 0:00:06]} 44. b6 {[%clk 0:00:21]} e4 {[%clk 0:00:06]} 45. Kf1
{[%clk 0:00:22]} Rb2 {[%clk 0:00:07]} 46. Ke1 {[%clk 0:00:23]} Kh8
{[%clk 0:00:06]} 47. Kd1 {[%clk 0:00:23]} Rxf2 {[%clk 0:00:06]} 48. Rc7
{[%clk 0:00:24]} 1-0